Which Year? - Geography - Statistics

General Stats
  • This quiz has been taken 35 times
  • The average score is 10 of 20
Answer Stats
Question Answer % Correct
Which year was the first successful ascent of Mount Everest? 1953
100%
Which year was Mongolia founded? 1206
83%
Which year did Krakatoa in Indonesia famously erupt? 1883
83%
Which year was hurricane Katrina? 2005
83%
Which year was Madagascar discovered by the Western World? 1500
67%
Which year was New Zealand discovered by the Western world? 1642
67%
Which year was the 9.0 Lisbon earthquake? 1755
67%
Which year was Alaska purchased from Russia by the United States? 1867
67%
Which year was the South Pole first reached? 1911
67%
Which year did Papua New Guinea gain full independence? 1975
67%
Which year did the first Westerners arrive in Japan? 1543
50%
Which year was the Russian Empire at its largest in size? 1895
50%
Which year was Hawaii discovered by the Western World? 1778
33%
Which year was the Tunguska Event? (Meteor that landed in Siberia) 1908
33%
Which year did Newfoundland join Canada to become a province? 1949
33%
Which year did a lightning strike set off explosives killing 4,000 people on the Greek island of Rhodes? 1856
17%
Which year was the world first national park (Yellowstone) established? 1872
17%
Which year did Korea get divided into North and South? 1945
17%
Which year was London founded? 50 A.D
17%
Which year was Sri Lanka discovered by the Western World? 1505
0%
No matching quizzes found
Score Distribution
Percent of People with Each Score
Percentile by Number Answered
Your Score History
You have not taken this quiz